000 00520nam a2200205Ia 4500
005 20260429112124.0
008 260429s9999||||xx |||||||||||||| ||und||
020 _a9789395546744
041 _aEnglish
082 _a610.681
_bPAN
100 _aPant, Arati
245 0 _aFinancial management /
_cArati Pant
250 _a1st ed.
260 _aNew Delhi :
_bAcademic University Press,
_c2023.
300 _axiv, 295 p.; hb
650 _a Management
650 _aFinance
700 _a Pant, Anoop
942 _cTB
999 _c52466
_d52466